1988 ¿el último de los peores años? (Registro nro. 18003)

Detalles MARC
000 -LEADER
fixed length control field 00358 a2200121 4500
001 - CONTROL NUMBER
control field ART_12751
005 - DATE AND TIME OF LATEST TRANSACTION
control field 20260410161733.0
008 - FIXED-LENGTH DATA ELEMENTS--GENERAL INFORMATION
fixed length control field 260409a
100 1# - MAIN ENTRY--PERSONAL NAME
Personal name Expósito, David
245 10 - TITLE STATEMENT
Title 1988 ¿el último de los peores años?
700 1# - ADDED ENTRY--PERSONAL NAME
Personal name Szewach, Enrique
773 0# - HOST ITEM ENTRY
Title Ejecutivos de finanzas
Related parts - Año 6, Nº 45 (may. 1988)
Record control number REV2863

No hay ítems disponibles.